Бурение скважин с направленным наклонным стволом

Bibliografske podrobnosti
Glavni avtor: Гейман М. А.
Jezik:ruščina
Izdano: Москва, НТИ, 1938
Teme:
Format: MixedMaterials Knjiga
KOHA link:https://koha.lib.tpu.ru/cgi-bin/koha/opac-detail.pl?biblionumber=169473

MARC

LEADER 00000nam0a2200000 4500
001 169473
005 20231101222828.0
035 |a (RuTPU)RU\TPU\book\183830 
090 |a 169473 
100 |a 20091112d1938 m y0rusy50 ca 
101 0 |a rus 
102 |a AZ  |a RU 
105 |a a z 000zy 
200 1 |a Бурение скважин с направленным наклонным стволом  |f М. А. Гейман 
210 |a Москва  |a Баку  |c НТИ  |d 1938 
215 |a 152 с.  |c ил. 
606 1 |a Бурение наклонных скважин  |2 stltpush  |3 (RuTPU)RU\TPU\subj\30356  |9 53477 
610 1 |a скважины 
610 1 |a бурение 
610 1 |a наклонные скважины 
610 1 |a типы 
610 1 |a техника 
610 1 |a США 
610 1 |a контроль 
610 1 |a Румыния 
675 |a 622.243.23  |v 3 
700 1 |a Гейман  |b М. А. 
801 1 |a RU  |b 63413507  |c 20091112 
801 2 |a RU  |b 63413507  |c 20140520  |g RCR 
942 |c BK